[Event "CFriend AC-2005-Q-00002 email"]
[Site "Chessfriend.com"]
[Date "2005.07.22"]
[Round "1"]
[White "Balabaev, Farit"]
[Black "Sippel, Roland"]
[Result "1/2-1/2"]
[WhiteElo "2437"]
[BlackElo "1900"]
[PlyCount "69"]
[EventDate "2005.??.??"]
[EventType "tourn (corr)"]
[EventRounds "6"]
[SourceTitle "Corr 2024"]
[Source "ChessBase"]
[SourceDate "2023.10.19"]
[SourceVersion "1"]
[SourceVersionDate "2023.10.19"]
[SourceQuality "1"]

1. e4 e5 2. Nf3 Nc6 3. Bb5 a6 4. Ba4 Nf6 5. 0-0 b5 6. Bb3 Bb7 7. d3 Be7 8. Nc3 d6 9. a4 b4 10. Nd5 Na5 11. Ba2 Nxd5 12. exd5 0-0 13. c3 c5 14. cxb4 cxb4 15. Bd2 b3 16. Bxb3 Nxb3 17. Qxb3 Rb8 18. Rfe1 Qd7 19. d4 f6 20. Rac1 Ba8 21. Qc4 Rfc8 22. Qxa6 Rxc1 23. Rxc1 Bxd5 24. Qa5 Bc6 25. Bb4 Qb7 26. d5 Be8 27. Ba3 Bf8 28. Nd2 Ra8 29. Qc7 Qxd5 30. Nc4 Qf7 31. Qxf7+ Kxf7 32. Nxd6+ Bxd6 33. Bxd6 Rxa4 34. h3 Ke6 35. Bc5 1/2-1/2

[Event "CFriend AC-2005-Q-00002 email"]
[Site "Chessfriend.com"]
[Date "2005.07.22"]
[Round "1"]
[White "Baumann, Ralf Ruediger"]
[Black "Sippel, Roland"]
[Result "0-1"]
[WhiteElo "2288"]
[BlackElo "1900"]
[PlyCount "62"]
[EventDate "2005.??.??"]
[EventType "tourn (corr)"]
[EventRounds "6"]
[SourceTitle "Corr 2024"]
[Source "ChessBase"]
[SourceDate "2023.10.19"]
[SourceVersion "1"]
[SourceVersionDate "2023.10.19"]
[SourceQuality "1"]

1. d4 Nf6 2. Bg5 Ne4 3. Bf4 c5 4. f3 Nf6 5. dxc5 e5 6. Bxe5 Bxc5 7. Bd6 Qb6 8. Bxc5 Qxc5 9. Nd2 Nc6 10. Nb3 Qe5 11. c3 0-0 12. Qd2 d6 13. Nh3 Re8 14. 0-0-0 Bxh3 15. gxh3 d5 16. Nd4 Nxd4 17. Qxd4 Qg5+ 18. Kb1 Re3 19. Ka1 Qe5 20. Qxe5 Rxe5 21. Rg1 Rae8 22. Kb1 R8e6 23. Rd3 g6 24. h4 Rh5 25. Rd4 h6 26. Kc1 Kg7 27. Kd2 Rhe5 28. Ra4 a6 29. Rd4 Ne8 30. b3 Nd6 31. Rd3 Nf5 0-1